Регионална библиотека "Любен Каравелов" - Русе

Тест за приемен изпит по икономика (Запис номер 78167)

MARC детайли
000 -Лидер
Контролно поле с фиксирана дължина 01871nam a2200397 c 4500
003 - Код на организацията, давaща контролен номер
Контролно поле BLK
005 - Дата и час на последна редакция
Контролно поле 20250417145001.0
008 - Елементи от данни с фиксирана дължина
fixed length control field 180408b bul|||||r ||||||| ||bul||
010 ## - Наследен системен номер
LC control number KNG00082632000
020 ## - Международен стандартен номер на книга ISBN
Международен стандартен номер на книга ISBN 978-954-21-0336-3
-- издат.: Наука и икономика
040 ## - Източник на каталожния запис
Идентификатор на билиотеката - собственик на записа BLK
041 ## - Код за език
Код за езика на текст/звукозапис или на отделно заглавие Български
Код за езика КДБФ Български
080 ## - УДК
Текстов определител УДК Икономически науки в цялост. Политическа икономия. Вж и 338 ; 65
УДК код - определител по УДК 330
УДК определител (079)(075.4)
УДК - код + определител 330(079)(075.4)
100 1# - Редна дума - Автор
Автор Якимова, Ивона Георгиева
Авторска отговорност първи автор
R(LIN) 259446
139 ## - Редно поле
Редна дума Якимова, Ивона Георгиева и др.
Авторски знак Як - Я 32
245 10 - Сведения за заглавието
Заглавие Тест за приемен изпит по икономика
Редно поле (дума) Ивона Георгиева Якимова; съавт. Зоя Костова Младенова; съавт. Владимир Петров Владимиров.
257 ## - Страна на издаване
Страна на създаване/издаване България
260 ## - Област на издателските данни
-- Варна
Име на издателя, разпространителя и проч. Наука и икономика
Година на издаване 2008
300 ## - Физическа характеристика
Страници 123 с.
Илюстрации и др. с табл., диагр.
Размери/Мащаб 22 см
380 ## - Жанр
Жанр Обществени науки
500 ## - Общи забележки
Забележка Авт. не са отбелязани на кор.
650 #4 - Допълнително описание по предмет – тема
Основно описание – тема или топоним Икономически науки
9 (RLIN) 254130
650 #4 - Допълнително описание по предмет – тема
Основно описание – тема или топоним Учебници - за средните училища
9 (RLIN) 265747
653 ## - Ключова дума – ненормативна
Ключова дума икономически науки
653 ## - Ключова дума – ненормативна
Ключова дума тестове
653 ## - Ключова дума – ненормативна
Ключова дума кандидатстудентски изпити
653 ## - Ключова дума – ненормативна
Ключова дума учебници за средни училища
700 ## - Други автори (авторска отговорност)
Лично име Младенова, Зоя Костова
9 (RLIN) 298618
700 1# - Други автори (авторска отговорност)
Лично име Владимиров, Владимир Петров
Автороска отговорност (Описва отношението между автора и произведението) съавт.
9 (RLIN) 298619
852 ## - Местоположение
Форматна сигнатура Цб 239219
856 4# - Електронен адрес и достъп
Електронен формат pdf - файл
Път до файла /url/
856 4# - Електронен адрес и достъп
Електронен формат pdf - файл
Път до файла /url/
942 ## - АРТИКУЛИ
Вид на библиотечния материал Книги
Скрит в OPAC Не
Koha issues (borrowed), all copies 2
944 ## - СЪЗДАВАНЕ И РЕДАКЦИЯ на ЗАПИСА
Създаване/Редакция Създаване
Дата на регистрацията/редакция 25.03.2008
Служител, извършил регистрацията/редакцията 30576
Статус, дата на статуса Цветомила Тодорова
944 ## - СЪЗДАВАНЕ И РЕДАКЦИЯ на ЗАПИСА
Създаване/Редакция Редакция
Дата на регистрацията/редакция 15.11.2016
Служител, извършил регистрацията/редакцията Виолета_Тройчева
999 ## - СИСТЕМНИ КОНТРОЛНИ НОМЕРА
Koha biblionumber 78167
Koha biblioitemnumber 78167
Наличности
Код за отписване Код за изгубен артикул Код за повреда Коз за рестрикции Код за отдаване Артикулен № Име на библиотеката - собственик Име на библиотеката, в която се намира в момента Статус (Текущо местоположение) Дата на вписване в системата Местоположение - отдел Цена в лева Инвентарен номер Систематично азбучна сигнатура Баркод Номер на екземпляра Цена в евро Служебна бележка Служебен тип на артикула
  Не е изгубен Не е повреден без рестрикции заемане за дома 126509 Регионална библиотека "Любен Каравелов" Русе Регионална библиотека "Любен Каравелов" Русе Заемна - подръчен фонд 2008-03-25 Заемна - подръчен фонд 7.00 120000724776 П 330/Я 32 120000724776 1 3.58 Дост: Pk Вид: Ф N: 176 Дата: 24.03.2008 Дата инв: 05.02.2018 Бележки инв: П2018 Книги
  Не е изгубен Не е повреден без рестрикции ползва се в читалня 126510 Регионална библиотека "Любен Каравелов" Русе Регионална библиотека "Любен Каравелов" Русе Хранилище 2010-05-13 Хранилище 7.00 120000744275 Цб 239219 120000744275 2 3.58 Дост: Dp Вид: Д N: 44 Дата: 21.10.2009 Книги
Vip Innovations Ltd, Rousse, Bulgaria 2025